| 000 | 01135cam a2200289 i 4500 | ||
|---|---|---|---|
| 005 | 20260322212049.0 | ||
| 008 | data | ||
| 010 | _a 2016364000 | ||
| 020 | _a9781585160808 | ||
| 020 | _a1585160806 | ||
| 040 |
_aD LC _beng _erda _cDLC |
||
| 042 | _apcc | ||
| 050 | 0 | 0 |
_aBS185 2000 _b.N49 2000 |
| 092 | _a220.52 N49 2000 REF | ||
| 130 | 0 |
_aBible. _lEnglish. _sAuthorized. _f2000. |
|
| 245 | 1 | 4 |
_aThe Holy Bible : _bcontaining the Old and New Testaments : King James Version. _cAmerican Bible Society & Bible Collection (Library of Congress). |
| 246 | 3 | _aHoly Bible, King James Version | |
| 264 | 1 |
_aNew York : _bAmerican Bible Society, _c[2000?] |
|
| 300 |
_a1046 pages ; _c21 cm |
||
| 336 |
_atext _btxt _2rdacontent |
||
| 337 |
_aunmediated _bn _2rdamedia |
||
| 338 |
_avolume _bnc _2rdacarrier |
||
| 500 | _a"Presented to President Donald J. Trump on January 20th, 2017 by American Bible Society, on the occasion of the inauguration of Donald J. Trump, 45th President of the United States of America"--Preliminary pages. | ||
| 710 | 2 |
_aBible Collection (Library of Congress) _5DLC |
|
| 720 | 2 | _aAmerican Bible Society. | |
| 001 | data | ||
| 999 |
_c1165 _d1165 |
||